| Tag |
First Indicator |
Second Indicator |
Subfields |
| LEADER |
00000pam a2200000 i 4500 |
| 001 |
in00000040671 |
| 005 |
20151007074544.0 |
| 008 |
780505s1978 maua b 00110 eng |
| 010 |
|
|
|a 78018788
|
| 020 |
|
|
|a 0674291573
|
| 035 |
|
|
|a (OCoLC)03933279
|
| 035 |
|
|
|9 AAF1709AM
|
| 040 |
|
|
|a DLC
|c DLC
|d TXA
|d UtOrBLW
|
| 049 |
|
|
|a TXAM [Also in] [Sp Coll]
|c 1 [1402427]
|a TXAS
|c 2 [1700328]
|
| 050 |
0 |
0 |
|a PN1009.A1
|b S24
|
| 082 |
0 |
|
|a 809
|
| 100 |
1 |
|
|a Sale, Roger.
|
| 245 |
1 |
0 |
|a Fairy tales and after :
|b from Snow White to E. B. White /
|c Roger Sale.
|
| 264 |
|
1 |
|a Cambridge, Mass. :
|b Harvard University Press,
|c 1978.
|
| 300 |
|
|
|a 280 pages :
|b illustrations ;
|c 24 cm.
|
| 336 |
|
|
|a text
|b txt
|2 rdacontent
|
| 337 |
|
|
|a unmediated
|b n
|2 rdamedia
|
| 338 |
|
|
|a volume
|b nc
|2 rdacarrier
|
| 504 |
|
|
|a Includes bibliographical references and index.
|
| 505 |
0 |
|
|a Fairy tales.--Written tales--Animals.--Lewis Carroll.--Beatrix Potter.--Kenneth Grahame.--Kipling's boys.--L. Frank Baum and Oz.--Two pigs.
|
| 650 |
|
0 |
|a Children's literature
|x History and criticism.
|
| 999 |
|
|
|a MARS
|
| 999 |
f |
f |
|s bd3afbfe-bd37-3f28-9d37-9c2c1cc6107b
|i be8fe48e-7b78-32cd-a6fc-2dd27438b072
|t 0
|
| 952 |
f |
f |
|p noncirc
|a Texas A&M University
|b College Station
|c Cushing Memorial Library & Archives
|d Cushing: Science Fiction (Does not check out)
|t 0
|e PN1009.A1 S24
|h Library of Congress classification
|i unmediated -- volume
|m A14800383421
|
| 952 |
f |
f |
|p noncirc
|a Texas A&M University
|b College Station
|c Cushing Memorial Library & Archives
|d Cushing: Literature/Mitchell (Does not check out)
|t 0
|e PN1009.A1 S24 1978
|h Library of Congress classification
|i unmediated -- volume
|
| 952 |
f |
f |
|p normal
|a Texas A&M University
|b College Station
|c Sterling C. Evans Library
|d Evans: Library Stacks
|t 0
|e PN1009.A1 S24
|h Library of Congress classification
|i unmediated -- volume
|m A14803674643
|
| 998 |
f |
f |
|a PN1009.A1 S24 1978
|t 0
|l Cushing: Literature/Mitchell (Does not check out)
|
| 998 |
f |
f |
|a PN1009.A1 S24
|t 0
|l Cushing: Science Fiction (Does not check out)
|
| 998 |
f |
f |
|a PN1009.A1 S24
|t 0
|l Evans: Library Stacks
|